Score 0/48 Timer 05:00
3 Plays Today
Hint 4-Letter Word % Correct
Female childGIRL
95.3%
♫ Maritime military branch ♫NAVY
94.8%
SolitaryLONE
93.8%
Misplace or fail to keepLOSE
93.7%
♫ Underwater respiratory organ ♫GILL
92.6%
♫ Small parasitic arachnid ♫TICK
91.3%
Use all the space in a containerFILL
91.2%
Early part of dayMORN
91.1%
♫ Earth's natural satellite ♫MOON
90.8%
Mechanical sound of a clockTOCK
90.7%
♫ Avian creature ♫BIRD
90.5%
♫ Thin crispy potato slice ♫CHIP
90.3%
Hack with a cleaverCHOP
90%
Tie tightly togetherBIND
89.3%
Chicken condoCOOP
88.7%
♫ Printed work bound in covers ♫BOOK
88.6%
Pine, oak, or maple, e.g.TREE
88.5%
Arrange documents alphabeticallyFILE
88.4%
Painful thickened skin on toeCORN
88.2%
Stiff brim of baseball capBILL
87.7%
Encircle with beltGIRD
87.6%
Business firm (abbrev.)CORP.
87%
Central part of a church buildingNAVE
86.8%
♫ Cold-blooded aquatic creature ♫FISH
86.7%
Hint 4-Letter Word % Correct
♫ Point connector ♫LINE
86.7%
Got hold ofTOOK
86.7%
Astley, James, or Moranis, e.g.RICK
86.5%
Liquid or paste adhesiveGLUE
85.8%
Benefit, blessingBOON
85.6%
Strong desire or hope WISH
85.4%
Sage and knowledgeableWISE
85.3%
Cut down, as in timberFELL
85.2%
♫ Metallic clanging object ♫BELL
84.9%
♫ Proboscis ♫NOSE
83.8%
♫ Brief memorandum ♫NOTE
83%
Expose to dangerRISK
82.7%
Archaic objective case of 'thou'THEE
82.4%
Devious or cunning strategyWILE
81.9%
Stem of climbing plantBINE
81.3%
Sox catcher CarltonFISK
80.5%
Archibald, Parker, or Dogg, e.g.NATE
80.4%
Child's expression of excitementWHEE
69.3%
♫ Accurate or exact ♫TRUE
68.3%
Informal receipt or voucherCHIT
66.9%
Predatory Zork monsterGRUE
65.5%
Stimulate appetite or desireWHET
65.3%
♫♫ COMMON BOND ♫♫BLUE
61.4%
Very small amountWHIT
60.4%

Today's Daily Dose

Word Ladder
Silence

Get the Picture
Philly Team Facts

You're not logged in!

Compare scores with friends on all Sporcle quizzes.
OR
Log In

Sporcle TV

Today on Sporcle TV


Watch our educational content, quiz creation guides, and fun videos on Sporcle TV.

Show Comments

Extras

Top Quizzes Today


Score Distribution

Your Account Isn't Verified!

In order to create a playlist on Sporcle, you need to verify the email address you used during registration. Go to your Sporcle Settings to finish the process.

Report this User

Report this user for behavior that violates our Community Guidelines.

Details: